La Transición política en México: dinámica y perspectiva /

Enregistré dans:
Détails bibliographiques
Auteur principal: Cansino, César
Format: Texte
Sujets:
Tags: Ajouter un tag
Pas de tags, Soyez le premier à ajouter un tag!

MARC

LEADER 00000 a a2200000 04500
001 7733
003
040
100 |a Cansino, César  
245 |a La Transición política en México:   |b dinámica y perspectiva /  |c César Cansino 
650 |a DESARROLLO POLITICO  
650 |a ESTABILIDAD POLITICA  
650 |a MEXICO  
773 |g número 8; páginas 7-41  
999 |c 20782  |d 20782